AFL Essendon Team of the Century - Statistics

General Stats
  • This quiz has been taken 140 times
  • The average score is 7 of 23
Answer Stats
Position Player % Correct
LFF James Hird
94%
RR Tim Watson
71%
R Dick Reynolds
67%
FF John Coleman
66%
COACH Kevin Sheedy
65%
RM Simon Madden
61%
RW Michael Long
56%
LBP Gavin Wanganeen
47%
RFF Terry Daniher
44%
INT Mark Thompson
37%
LFP Bill Hutchison
33%
C Jack Clarke
23%
RFP Albert Thurgood
17%
CHF Ken Fraser
15%
LBF Barry Davis
14%
CHB Wally Buttsworth
7%
LW Reg Burgess
5%
FB Fred Baring
4%
RBF Harold Lambert
4%
RBP Tom Fitzmaurice
4%
INT Keith Forbes
3%
INT Billy Griffith
2%
INT Frank Maher
1%
No matching quizzes found
Score Distribution
Percent of People with Each Score
Percentile by Number Answered
Your Score History
You have not taken this quiz